000 00574nam a2200217Ia 4500
003 OSt
005 20220928145449.0
006 a|||||r|||| 00| 0
007 ta
008 220927b |||||||| |||| 00| 0 eng d
024 _a80667
037 _cTextual
040 _aSDCL
_cSDCL
_beng
041 _2eng
_aeng
082 _aZ,2,3, L7
100 _aBeirne Pers
_9513031
245 0 _aFair rent and legal fiction
_b House rent legislation in a capitalist society.
260 _c1977
942 _hZ,2,3, L7
_cTEXL
_2CC
999 _c833684
_d833684